000 00215nam a2200085Ia 4500
008 120527s9999 xx 000 0 und d
100 _aNier, A. Jason
245 _aTaking side: issues in social psychology
942 _cBK
999 _c27573
_d27573